00466nam a2200181Ia 450000500170000000800410001702000150005804000190007304100120009208200130010410000210011724500420013826000430018030000120022350400190023565000200025485000100027420240402092531.0131103s9999 xx 000 0 und d a8185392005 aLoreto College aEnglish a425bBIR aBirley, Rosalind aImprove your englishcRosalind Birley aNew DelhibUniversity Book Stallc1992 a144 p.  aIncludes index aEnglish grammar aLCBED